| 000 | 01490ngm a22003970a 4500 | ||
|---|---|---|---|
| 001 | PT15522 | ||
| 003 | AR-LpoUNG | ||
| 005 | 20210202000157.0 | ||
| 007 | vd cvaizq | ||
| 008 | 191001ss.f.||||ag |||||||||||||||||spa d | ||
| 020 |
_a9879925211 _c$13.33 |
||
| 040 |
_aAR-LpoUNG _bspa _cAR-LpoUNG _eaacr |
||
| 041 | _aspa | ||
| 044 | _aag | ||
| 082 | 0 | _a982.064 137fac | |
| 100 | 1 | _aSaenz Quesada, María | |
| 245 | 1 | 0 |
_aFacundo Quiroga : _bel caudillo y su leyenda |
| 260 |
_aBuenos Aires : _bBlackman, _cs.f.. |
||
| 300 | _aVHS (75 min.) : son., col. | ||
| 505 | 0 | _aPertenece a la colección editorial Los temas de nuestro tiempo | |
| 520 | _aDesde sus comienzos como colaborador de los ejércitos de la Independencia hasta su trágica muerte, diversos aspectos de su vida, su épica y su leyenda, son abordados en este trabajo a través del testimonio de historiadores y docentes. La palabra de uno de sus descendientes directos, parte de la cinematografía que lo evocó y una variada iconografía, se suman para lograr una auténtica aproximación al ilustre General de los Llanos de la Rioja. | ||
| 650 | 4 | _aARGENTINA | |
| 650 | 4 | _aBIOGRAFIAS | |
| 650 | 4 | _aHISTORIA | |
| 650 | 4 | _aLIDERAZGO | |
| 650 | 4 | _aNACION | |
| 653 | _aDOCUMENTALES | ||
| 653 | _aVIDEOS | ||
| 700 | 1 | _aBenarós, León | |
| 700 | 1 | _aDemarchir, Luis | |
| 700 | 1 | _aRuffo, Miguel | |
| 700 | 1 |
_aSalaberry, Javier _edir. |
|
| 700 | 1 |
_aSalerno, Luis _eloc. |
|
| 905 | _a15522 | ||
| 942 | _cVIDEO | ||
| 999 |
_c54252 _d54252 |
||